Concrete: Microstructure, Properties, and Materials (Record no. 14450)
[ view plain ]
| 000 -LEADER | |
|---|---|
| fixed length control field | 00401nam a22001457a 4500 |
| 020 ## - INTERNATIONAL STANDARD BOOK NUMBER | |
| ISBN | 97800706360064 |
| 082 ## - DEWEY DECIMAL CLASSIFICATION NUMBER | |
| Classification number | 624.182 |
| Item number | MEH/CO |
| 100 ## - MAIN ENTRY--AUTHOR NAME | |
| Personal name | Mehta,Kumar P. |
| 100 ## - MAIN ENTRY--AUTHOR NAME | |
| Personal name | Monteiro,Paulo J.M |
| 245 ## - TITLE STATEMENT | |
| Title | Concrete: Microstructure, Properties, and Materials |
| 250 ## - EDITION STATEMENT | |
| Edition statement | 3 rd |
| 260 ## - PUBLICATION, DISTRIBUTION, ETC. (IMPRINT) | |
| Place of publication | New Delhi |
| Name of publisher | McGraw Hill Education (India) Private Limited |
| Year of publication | 2006 |
| 300 ## - PHYSICAL DESCRIPTION | |
| Number of Pages | 659 |
| 942 ## - ADDED ENTRY ELEMENTS (KOHA) | |
| Koha item type | Books |
| Withdrawn status | Lost status | Damaged status | Collection code | Home library | Current library | Shelving location | Date acquired | Source of acquisition | Cost, normal purchase price | Full call number | Accession Number | Koha item type |
|---|---|---|---|---|---|---|---|---|---|---|---|---|
| KAUAET | KAUAET | General Stacks | 02/07/2016 | Aman Book Stall, Calicut | 895.00 | 624.182 MEH/CO | 24971 | Books | ||||
| KAUAET | KAUAET | General Stacks | 02/07/2016 | Aman Book Stall, Calicut | 895.00 | 624.182 MEH/CO | 24972 | Books |
